5HLuxD.jpg

KING HENRY VIII SENIOR AND PRIMARY SCHOOL LIBRARY OPAC

Becoming Brianna / (Record no. 5260)

000 -LEADER
fixed length control field 01340nam a2200349 i 4500
001 - CONTROL NUMBER
control field ocm02160818
003 - CONTROL NUMBER IDENTIFIER
control field IlBcCP
005 - DATE AND TIME OF LATEST TRANSACTION
control field 20250828160547.0
008 - FIXED-LENGTH DATA ELEMENTS--GENERAL INFORMATION
fixed length control field 200706s2020 nyua j 000 1 eng d
020 ## - INTERNATIONAL STANDARD BOOK NUMBER
International Standard Book Number 9780062894533
040 ## - CATALOGING SOURCE
Transcribing agency IlBcCP
Modifying agency CaOL
-- KH8
Description conventions rda
082 ## - DEWEY DECIMAL CLASSIFICATION NUMBER
Classification number FIC LIB
100 1# - MAIN ENTRY--PERSONAL NAME
Personal name Libenson, Terri,
Relator term author.
245 10 - TITLE STATEMENT
Title Becoming Brianna /
Statement of responsibility, etc. Terri Libenson.
246 30 - VARYING FORM OF TITLE
Title proper/short title Brianna.
264 #1 - PRODUCTION, PUBLICATION, DISTRIBUTION, MANUFACTURE, AND COPYRIGHT NOTICE
Place of production, publication, distribution, manufacture New York :
Name of producer, publisher, distributor, manufacturer Balzer & Bray, an imprint of HarperCollinsPublishers,
Date of production, publication, distribution, manufacture, or copyright notice [2020]
264 #4 - PRODUCTION, PUBLICATION, DISTRIBUTION, MANUFACTURE, AND COPYRIGHT NOTICE
Date of production, publication, distribution, manufacture, or copyright notice ©2020.
300 ## - PHYSICAL DESCRIPTION
Extent 320 pages :
Other physical details colour illustrations.
336 ## - CONTENT TYPE
Content type term text
Content type code txt
Source rdacontent.
337 ## - MEDIA TYPE
Media type term unmediated
Media type code n
Source rdamedia.
338 ## - CARRIER TYPE
Carrier type term volume
Carrier type code nc
Source rdacarrier.
490 1# - SERIES STATEMENT
Series statement Emmie & friends.
520 ## - SUMMARY, ETC.
Summary, etc. Everyone knows how much brainy Bri likes the spotlight (not). So why did she ever agree to something that forces her to learn a new language, give a speech, help organize a party, and juggle drama at school and home?! As the big event inches closer, Bri wonders if it s all worth it.
650 #0 - SUBJECT ADDED ENTRY--TOPICAL TERM
Topical term or geographic name entry element Bat mitzvah
Form subdivision Juvenile Fiction.
650 #0 - SUBJECT ADDED ENTRY--TOPICAL TERM
Topical term or geographic name entry element Friendship
Form subdivision Juvenile fiction.
650 #0 - SUBJECT ADDED ENTRY--TOPICAL TERM
Topical term or geographic name entry element Middle schools
Form subdivision Juvenile fiction.
650 #0 - SUBJECT ADDED ENTRY--TOPICAL TERM
Topical term or geographic name entry element Schools
Form subdivision Juvenile fiction.
650 #0 - SUBJECT ADDED ENTRY--TOPICAL TERM
Topical term or geographic name entry element Girls
Form subdivision Juvenile fiction.
650 #0 - SUBJECT ADDED ENTRY--TOPICAL TERM
Topical term or geographic name entry element Talent shows
Form subdivision Juvenile fiction.
830 #0 - SERIES ADDED ENTRY--UNIFORM TITLE
Uniform title Emmie & friends.
942 ## - ADDED ENTRY ELEMENTS (KOHA)
Source of classification or shelving scheme
Koha item type Graphic Novel
Holdings
Withdrawn status Lost status Source of classification or shelving scheme Damaged status Not for loan Collection code Permanent Location Current Location Shelving location Date acquired Total Checkouts Full call number Barcode Date last seen Date last checked out Price effective from Koha item type
          Fiction KH8 Senior School Library KH8 Senior School Library Graphic Novel 2025-08-28 1 FIC LIB 3KHSL000102344 2025-10-10 2025-10-08 2025-08-28 Graphic Novel

Powered By KH8 IT Dept